[Event "Netanya Masters 2019"]
[Site "Netanya ISR"]
[Date "2019.06.25"]
[Round "3"]
[White "Rodshtein, Maxim"]
[Black "Gelfand, Boris"]
[Result "1/2-1/2"]
[WhiteElo "2685"]
[BlackElo "2676"]
[PlyCount "126"]
[EventDate "2019.06.23"]

1. c4 c5 2. g3 g6 3. Bg2 Bg7 4. Nc3 Nc6 5. d3 d6 6. a3 e6 7. Rb1 Nge7 8. h4 h6
9. Bd2 b6 10. b4 Rb8 11. Nf3 Bb7 12. O-O Qd7 13. e3 O-O 14. Qa4 Rfd8 15. Rfd1
Ba8 16. Be1 Ne5 17. Nxe5 Qxa4 18. Nxa4 Bxe5 19. Bxa8 Rxa8 20. Kf1 Rac8 21. Ke2
Bg7 22. Nc3 d5 23. bxc5 Rxc5 24. Nb5 dxc4 25. d4 Rcc8 26. Nxa7 Ra8 27. Nb5 Bf8
28. Rdc1 Nd5 29. Rxc4 Bxa3 30. e4 Nf6 31. Nxa3 Rxa3 32. f3 Ra2+ 33. Ke3 Rb8 34.
Bb4 b5 35. Bd6 Rd8 36. Rc6 Ne8 37. Bc5 Rb8 38. Kf4 Rc2 39. Rb6 Rxb6 40. Bxb6
Nd6 41. Bc5 Nc4 42. Rxb5 f6 43. e5 fxe5+ 44. dxe5 Rb2 45. Rxb2 Nxb2 46. Ke4 Nc4
47. Be3 h5 48. g4 Kf7 49. Bd4 Nd2+ 50. Ke3 Nc4+ 51. Kf4 Kg7 52. Bc3 Kh6 53. Bb4
hxg4 54. fxg4 g5+ 55. hxg5+ Kg6 56. Be7 Nb6 57. Ke4 Kf7 58. Bf6 Kg6 59. Kd4 Nd5
60. Kc5 Nf4 61. Kd6 Kf7 62. Kd7 Nd5 63. Kd8 Nf4 1/2-1/2

[Event "Netanya Masters 2019"]
[Site "Netanya ISR"]
[Date "2019.06.25"]
[Round "3"]
[White "Eljanov, Pavel"]
[Black "Dominguez Perez, Leinier"]
[Result "1/2-1/2"]
[WhiteElo "2655"]
[BlackElo "2760"]
[PlyCount "56"]
[EventDate "2019.06.23"]

1. e4 e5 2. Nf3 Nc6 3. Bc4 Bc5 4. d3 Nf6 5. Nc3 h6 6. h3 a6 7. a4 d6 8. Ne2 d5
9. exd5 Nxd5 10. O-O O-O 11. Ng3 Be6 12. c3 Re8 13. Qc2 Nf6 14. Bxe6 Rxe6 15.
b4 Bf8 16. Be3 Qd5 17. Rfd1 Ree8 18. Ne4 Qe6 19. b5 Na5 20. Nxf6+ Qxf6 21. c4
b6 22. Nd2 Qg6 23. c5 axb5 24. axb5 bxc5 25. Qc3 Qb6 26. Rdb1 c6 27. bxc6 Qc7
28. Bxc5 Qxc6 1/2-1/2

[Event "Netanya Masters 2019"]
[Site "Netanya ISR"]
[Date "2019.06.25"]
[Round "3"]
[White "Nabaty, Tamir"]
[Black "McShane, Luke J"]
[Result "1-0"]
[WhiteElo "2678"]
[BlackElo "2688"]
[PlyCount "49"]
[EventDate "2019.06.23"]

1. d4 Nf6 2. Nf3 g6 3. Nbd2 Bg7 4. e4 d6 5. Bb5+ Nc6 6. O-O Bd7 7. Qe2 a6 8.
Bxc6 Bxc6 9. e5 Nh5 10. Nb3 dxe5 11. dxe5 Bxf3 12. Qxf3 Bxe5 13. Rd1 Qc8 14.
Re1 f6 15. Bh6 Qf5 16. Qxb7 Rd8 17. Qc6+ Qd7 18. Qxa6 g5 19. Bxg5 Rg8 20. h4
fxg5 21. Rxe5 gxh4 22. Qh6 Ng7 23. Rae1 Kf7 24. Qf4+ Ke8 25. Qf6 1-0

[Event "Netanya Masters 2019"]
[Site "Netanya ISR"]
[Date "2019.06.25"]
[Round "3"]
[White "Svidler, Peter"]
[Black "Dubov, Daniil"]
[Result "1/2-1/2"]
[WhiteElo "2737"]
[BlackElo "2700"]
[PlyCount "42"]
[EventDate "2019.06.23"]

1. e4 c5 2. Nf3 Nc6 3. Bb5 g6 4. Bxc6 bxc6 5. O-O Bg7 6. Re1 Nh6 7. c3 O-O 8.
d4 cxd4 9. cxd4 d5 10. e5 f6 11. e6 Qd6 12. Qe2 c5 13. Nc3 Nf5 14. Nb5 Qb6 15.
dxc5 Qxc5 16. Bf4 Ba6 17. a4 Qb4 18. g3 h5 19. Qd3 Rac8 20. b3 Bxb5 21. axb5
Rc3 1/2-1/2

[Event "Chinese League 2019"]
[Site "Daqing CHN"]
[Date "2019.06.25"]
[Round "7"]
[White "Bu, Xiangzhi"]
[Black "Wei, Yi"]
[Result "1/2-1/2"]
[WhiteElo "2729"]
[BlackElo "2741"]
[PlyCount "61"]
[EventDate "2019.06.19"]
[EventType "team"]
[WhiteTeam "Shandong"]
[BlackTeam "Jiangsu"]

1. Nf3 Nf6 2. c4 e6 3. Nc3 d5 4. d4 Bb4 5. Bg5 h6 6. Bxf6 Qxf6 7. Qa4+ Nc6 8.
e3 O-O 9. Be2 Bd7 10. Qb3 dxc4 11. Qxc4 Bd6 12. O-O Qg6 13. Rfd1 Na5 14. Qd3
Qxd3 15. Bxd3 Nc6 16. Rac1 Rfd8 17. Ne4 Nb4 18. Bb1 Ba4 19. b3 Bc6 20. Nxd6
cxd6 21. Nd2 Rac8 22. Rc4 a5 23. Rdc1 Nd5 24. Be4 Nb6 25. R4c2 Bxe4 26. Nxe4
Rxc2 27. Rxc2 Rc8 28. Rxc8+ Nxc8 29. Kf1 d5 30. Nc3 b6 31. Ke2 1/2-1/2

[Event "Chinese League 2019"]
[Site "Daqing CHN"]
[Date "2019.06.25"]
[Round "7"]
[White "Fang, Yuxiang"]
[Black "Wang, Hao"]
[Result "1/2-1/2"]
[WhiteElo "2463"]
[BlackElo "2737"]
[PlyCount "68"]
[EventDate "2019.06.19"]
[EventType "team"]
[WhiteTeam "Shanxi"]
[BlackTeam "Heilongjiang"]

1. d4 Nf6 2. Nf3 e6 3. c4 b6 4. g3 Bb7 5. Bg2 g6 6. O-O Bg7 7. Nc3 Ne4 8. Nxe4
Bxe4 9. Be3 O-O 10. Qd2 d6 11. Bh6 Nd7 12. Bxg7 Kxg7 13. Ne1 Bxg2 14. Nxg2 a5
15. Rfd1 Qe7 16. Nf4 Nf6 17. Rac1 Rfe8 18. Qc3 a4 19. b4 axb3 20. axb3 Ra2 21.
Ra1 Rea8 22. Rxa2 Rxa2 23. Ra1 Rxa1+ 24. Qxa1 e5 25. dxe5 Qxe5 26. Qxe5 dxe5
27. Nd3 e4 28. Nb4 Kf8 29. f3 Ke7 30. Kf2 Kd6 31. Ke3 Nd7 32. Nc2 exf3 33. exf3
Kc5 34. f4 h5 1/2-1/2

[Event "Chinese League 2019"]
[Site "Daqing CHN"]
[Date "2019.06.26"]
[Round "8"]
[White "Yu, Yangyi"]
[Black "Bao, Qilin"]
[Result "1-0"]
[WhiteElo "2738"]
[BlackElo "2412"]
[PlyCount "71"]
[EventDate "2019.06.19"]
[EventType "team"]
[WhiteTeam "Beijing"]
[BlackTeam "Heilongjiang"]

1. d4 Nf6 2. c4 e6 3. Nc3 Bb4 4. e3 b6 5. Nge2 Ba6 6. a3 Bxc3+ 7. Nxc3 d5 8. b3
O-O 9. Be2 Nc6 10. a4 dxc4 11. Ba3 Re8 12. bxc4 e5 13. d5 Na5 14. Nb5 Ne4 15.
Qc2 Nc5 16. Rd1 Bxb5 17. cxb5 Nab7 18. O-O e4 19. a5 Nxa5 20. Bxc5 bxc5 21.
Qxc5 Nb7 22. Qc6 Nd6 23. Ra1 Nf5 24. Rfc1 Re7 25. Qc5 Nd6 26. Rxa7 Rxa7 27.
Qxa7 h6 28. h3 Kh7 29. Rc6 Qd7 30. Qc5 Nb7 31. Qb4 g6 32. b6 cxb6 33. Rxb6 Nd8
34. Rb8 Re5 35. Bc4 Kg7 36. Qb6 1-0

[Event "Chinese League 2019"]
[Site "Daqing CHN"]
[Date "2019.06.26"]
[Round "8"]
[White "Bai, Jinshi"]
[Black "Bu, Xiangzhi"]
[Result "1/2-1/2"]
[WhiteElo "2606"]
[BlackElo "2729"]
[PlyCount "62"]
[EventDate "2019.06.19"]
[EventType "team"]
[WhiteTeam "Shanghai"]
[BlackTeam "Shandong"]

1. d4 d5 2. c4 c6 3. cxd5 cxd5 4. Nf3 Nf6 5. Nc3 Nc6 6. Bf4 Bf5 7. e3 e6 8. Bd3
Bxd3 9. Qxd3 Bd6 10. Bxd6 Qxd6 11. O-O O-O 12. Rfc1 Rfc8 13. h3 h6 14. a3 Nd7
15. Ne2 a6 16. Rc3 Ne7 17. Rac1 Rxc3 18. Rxc3 Rc8 19. Rxc8+ Nxc8 20. Qc3 Ne7
21. Ne1 Qc6 22. Nd3 Qxc3 23. Nxc3 Nc6 24. f4 Kf8 25. Kf2 Ke7 26. g4 Na5 27. a4
Nc4 28. Ke2 Nd6 29. Kf3 Nc4 30. Ke2 Nd6 31. Kf3 Nc4 1/2-1/2

[Event "Chinese League 2019"]
[Site "Daqing CHN"]
[Date "2019.06.26"]
[Round "8"]
[White "Wei, Yi"]
[Black "Xu, Yinglun"]
[Result "1-0"]
[WhiteElo "2741"]
[BlackElo "2548"]
[PlyCount "67"]
[EventDate "2019.06.19"]
[EventType "team"]
[WhiteTeam "Jiangsu"]
[BlackTeam "Guangdong"]

1. e4 e6 2. d4 d5 3. Nc3 Nf6 4. e5 Nfd7 5. f4 c5 6. Nf3 Nc6 7. Be3 a6 8. Ne2
Be7 9. c3 a5 10. g4 h5 11. gxh5 cxd4 12. cxd4 Rxh5 13. Ng3 Bh4 14. Nxh4 Rxh4
15. Qd2 g6 16. Bb5 a4 17. O-O Qa5 18. Qe2 Nb6 19. Rac1 Bd7 20. Rc5 Qa7 21. Rfc1
Kf8 22. Qf2 Rh7 23. Bd2 Qb8 24. f5 exf5 25. Bg5 Qe8 26. Ne2 Nb4 27. Nc3 Rc8 28.
Bxd7 Qxd7 29. Nxa4 Rxc5 30. Nxc5 Qb5 31. a4 Qe8 32. b3 Rh5 33. Bd2 Nc6 34. Nxb7
1-0

[Event "Chinese League 2019"]
[Site "Daqing CHN"]
[Date "2019.06.27"]
[Round "9"]
[White "Ma, Qun"]
[Black "Wei, Yi"]
[Result "1/2-1/2"]
[WhiteElo "2626"]
[BlackElo "2741"]
[PlyCount "63"]
[EventDate "2019.06.19"]
[EventType "team"]
[WhiteTeam "Hangzhou"]
[BlackTeam "Jiangsu"]

1. d4 Nf6 2. c4 e6 3. Nf3 d5 4. Nc3 Bb4 5. Bg5 h6 6. Bxf6 Qxf6 7. Qa4+ Nc6 8.
e3 O-O 9. Be2 Bd7 10. Qb3 dxc4 11. Qxc4 Bd6 12. O-O Qg6 13. Rfd1 Na5 14. Qd3
Qxd3 15. Bxd3 Nc6 16. Rac1 Rfd8 17. Be2 Rac8 18. Nd2 e5 19. Nc4 exd4 20. Nxd6
cxd6 21. exd4 Ne7 22. f3 Kf8 23. Kf2 Rc7 24. Nb5 Rxc1 25. Rxc1 Rc8 26. Rxc8+
Nxc8 27. Nc3 Nb6 28. d5 Na4 29. Nd1 Nb6 30. Nc3 Na4 31. Nd1 Nb6 32. Nc3 1/2-1/2

[Event "Chinese League 2019"]
[Site "Daqing CHN"]
[Date "2019.06.27"]
[Round "9"]
[White "Wang, Hao"]
[Black "Lin, Haoyang"]
[Result "1-0"]
[WhiteElo "2737"]
[BlackElo "1713"]
[PlyCount "67"]
[EventDate "2019.06.19"]
[EventType "team"]
[WhiteTeam "Heilongjiang"]
[BlackTeam "Qingdao"]

1. e4 c5 2. Nf3 g6 3. c3 d5 4. e5 Bg7 5. d4 cxd4 6. cxd4 Nc6 7. h3 Bf5 8. Nc3
Qd7 9. Bf4 h5 10. Be2 Nh6 11. O-O Be6 12. Rc1 Nf5 13. Na4 Bh6 14. Nc5 Qc8 15.
Qd2 Bxf4 16. Qxf4 Ng7 17. b4 O-O 18. Bd3 Bf5 19. Qh6 f6 20. b5 Nb4 21. exf6
exf6 22. Bxf5 Qxf5 23. Qd2 a5 24. a3 b6 25. axb4 bxc5 26. dxc5 axb4 27. b6 Rab8
28. Qxb4 Ne6 29. c6 Rfc8 30. b7 Rc7 31. Qd6 Kf7 32. Rfe1 Re8 33. Rxe6 Qxe6 34.
Qxc7+ 1-0

[Event "Netanya Masters 2019"]
[Site "Netanya ISR"]
[Date "2019.06.26"]
[Round "4"]
[White "Dominguez Perez, Leinier"]
[Black "Nabaty, Tamir"]
[Result "1-0"]
[WhiteElo "2760"]
[BlackElo "2678"]
[PlyCount "119"]
[EventDate "2019.06.23"]

1. e4 e5 2. Nf3 Nc6 3. Bb5 a6 4. Ba4 Bc5 5. c3 Nge7 6. O-O Ng6 7. d4 Ba7 8. Bg5
f6 9. Be3 O-O 10. Re1 d6 11. Nbd2 Kh8 12. h3 exd4 13. Nxd4 Nxd4 14. Bxd4 f5 15.
Bxa7 Rxa7 16. Nf3 fxe4 17. Rxe4 Bf5 18. Re3 b5 19. Bb3 c5 20. a4 c4 21. Qd4
Raf7 22. Bd1 d5 23. axb5 axb5 24. Ne5 Nxe5 25. Rxe5 Be4 26. f3 Rf4 27. fxe4
Rf1+ 28. Kh2 Qb8 29. Qxd5 g6 30. Qd4 Kg8 31. Qd5+ Kh8 32. Qd4 Kg8 33. Ra5 Rxd1
34. Raxb5 Rxd4 35. Rxb8 Rxb8 36. cxd4 Rxb2 37. Rc5 Rb4 38. d5 c3 39. e5 Rd4 40.
d6 Kf7 41. Rxc3 Ke6 42. Re3 g5 43. Kg3 h5 44. Kf3 Rd2 45. Re2 Rd3+ 46. Kf2 Rd1
47. Re3 Rd2+ 48. Ke1 Rd4 49. Ke2 Rd5 50. Re4 Ra5 51. Kf3 Rd5 52. Ke3 Ra5 53.
Kd2 Rc5 54. Rd4 Rc8 55. d7 Rd8 56. Kd3 Kxe5 57. Kc4 Ke6 58. Kc5 Rxd7 59. Rxd7
Kxd7 60. Kd5 1-0

[Event "Netanya Masters 2019"]
[Site "Netanya ISR"]
[Date "2019.06.26"]
[Round "4"]
[White "Dubov, Daniil"]
[Black "Postny, Evgeny"]
[Result "1-0"]
[WhiteElo "2700"]
[BlackElo "2601"]
[PlyCount "75"]
[EventDate "2019.06.23"]

1. d4 d5 2. c4 dxc4 3. e4 e5 4. Nf3 Bb4+ 5. Bd2 Bxd2+ 6. Nbxd2 exd4 7. Bxc4 Nc6
8. O-O Qf6 9. b4 a6 10. e5 Qg6 11. a4 Nge7 12. b5 Na5 13. Ba2 O-O 14. Rc1 Qb6
15. Ne4 axb5 16. axb5 Be6 17. Bxe6 Qxe6 18. Rxc7 Nd5 19. Rc5 Rad8 20. Nd6 b6
21. Nxd4 Qxe5 22. Nc6 Nxc6 23. Rxd5 Rxd6 24. Rxd6 Qxb5 25. Re1 Qc5 26. h4 h6
27. h5 b5 28. Qd2 Na5 29. Rd8 Nc4 30. Qd7 Rxd8 31. Qxd8+ Kh7 32. Qd3+ f5 33.
Re6 Nb2 34. Qd2 Nc4 35. Qd3 Nb2 36. Qf3 Qc1+ 37. Kh2 Qg5 38. Re5 1-0

[Event "Netanya Masters 2019"]
[Site "Netanya ISR"]
[Date "2019.06.26"]
[Round "4"]
[White "Gelfand, Boris"]
[Black "Eljanov, Pavel"]
[Result "1/2-1/2"]
[WhiteElo "2676"]
[BlackElo "2655"]
[PlyCount "57"]
[EventDate "2019.06.23"]

1. Nf3 Nf6 2. c4 b6 3. g3 Bb7 4. Bg2 e6 5. O-O Be7 6. d4 O-O 7. Nc3 Ne4 8. Bd2
f5 9. Ne5 Bf6 10. Qc2 Nxc3 11. Bxc3 Bxg2 12. Kxg2 d5 13. Rfd1 dxc4 14. Bb4 Re8
15. Qxc4 Qd5+ 16. Qxd5 exd5 17. f4 Na6 18. Ba3 c5 19. dxc5 Bxe5 20. fxe5 Rxe5
21. cxb6 axb6 22. Kf1 Nc5 23. Rac1 g6 24. Rd4 Kf7 25. Rb4 Re6 26. Rb5 Rc6 27.
Bxc5 Rxc5 28. Rcxc5 bxc5 29. Rxc5 1/2-1/2

[Event "Netanya Masters 2019"]
[Site "Netanya ISR"]
[Date "2019.06.27"]
[Round "5"]
[White "Eljanov, Pavel"]
[Black "Svidler, Peter"]
[Result "1/2-1/2"]
[WhiteElo "2655"]
[BlackElo "2737"]
[PlyCount "101"]
[EventDate "2019.06.23"]

1. d4 Nf6 2. Nf3 g6 3. Nbd2 Bg7 4. e4 O-O 5. e5 Ne8 6. Bd3 c5 7. dxc5 Qa5 8.
O-O Qxc5 9. Re1 d6 10. exd6 Qxd6 11. Nc4 Qc7 12. Nce5 Nf6 13. h3 Nc6 14. Bf4
Nxe5 15. Bxe5 Qc5 16. Qe2 Be6 17. Bd4 Qc7 18. c3 Rfe8 19. Bb5 Bd7 20. a4 a6 21.
Bc4 e6 22. Be5 Qc5 23. b4 Qe7 24. a5 Rac8 25. Rad1 Ba4 26. Rd4 Red8 27. Rxd8+
Qxd8 28. Nd4 Bd7 29. Nb3 Bc6 30. Nc5 Nd5 31. Bxg7 Kxg7 32. Qe5+ Qf6 33. Bxd5
Qxe5 34. Rxe5 Bxd5 35. f4 Rc6 36. Re1 b6 37. axb6 Rxb6 38. Ra1 Bc4 39. Kf2 Rd6
40. Ke1 h6 41. Rd1 Rxd1+ 42. Kxd1 g5 43. fxg5 hxg5 44. Kd2 f5 45. Ke3 e5 46. g4
f4+ 47. Ke4 Kf6 48. Nd7+ Ke6 49. Nxe5 Bd5+ 50. Kd4 Bg2 51. c4 1/2-1/2

[Event "Netanya Masters 2019"]
[Site "Netanya ISR"]
[Date "2019.06.27"]
[Round "5"]
[White "Nabaty, Tamir"]
[Black "Gelfand, Boris"]
[Result "1/2-1/2"]
[WhiteElo "2678"]
[BlackElo "2676"]
[PlyCount "120"]
[EventDate "2019.06.23"]

1. d4 Nf6 2. Nf3 e6 3. Bf4 c5 4. e3 cxd4 5. exd4 b6 6. Bb5 Be7 7. O-O O-O 8. a4
Na6 9. Na3 Bb7 10. Re1 Nc7 11. Bd3 a6 12. h3 d6 13. Rc1 Re8 14. c3 h6 15. Bb1
b5 16. Nh2 Qd7 17. axb5 axb5 18. Qd3 Qc6 19. f3 h5 20. Bg5 g6 21. Nf1 e5 22.
Ba2 e4 23. fxe4 Nxe4 24. Bxe7 Rxe7 25. Ng3 d5 26. Nxe4 dxe4 27. Qg3 Kg7 28. Rc2
Qd7 29. Bb1 Ne8 30. Rf2 Nd6 31. Nc2 Nf5 32. Qg5 f6 33. Qd2 Qd6 34. Ne3 Nxe3 35.
Qxe3 f5 36. Ref1 Rf7 37. g4 hxg4 38. hxg4 Rh8 39. Ba2 Rf6 40. d5 Qe5 41. d6
Rxd6 42. Rg2 Rd3 43. Qa7 Rd7 44. Qe3 f4 45. Rxf4 Rh3 46. Rg3 Rxg3+ 47. Qxg3
Qc5+ 48. Kf1 Qd6 49. Kg1 Qb6+ 50. Rf2 Qc7 51. Qxc7 Rxc7 52. g5 Bc8 53. Rf6 e3
54. Kf1 Bg4 55. Bd5 Rd7 56. Bf3 Bxf3 57. Rxf3 Rd5 58. Rg3 Re5 59. Ke2 Kf7 60.
b3 Kf8 1/2-1/2

[Event "Netanya Masters 2019"]
[Site "Netanya ISR"]
[Date "2019.06.28"]
[Round "6"]
[White "Gelfand, Boris"]
[Black "Smirin, Ilia"]
[Result "1-0"]
[WhiteElo "2676"]
[BlackElo "2594"]
[PlyCount "59"]
[EventDate "2019.06.23"]

1. d4 Nf6 2. Nf3 g6 3. c4 Bg7 4. Nc3 d6 5. e4 O-O 6. Be2 e5 7. O-O Nc6 8. d5
Ne7 9. Bg5 Nh5 10. Re1 h6 11. Bd2 f5 12. Nh4 Nf4 13. Bxf4 exf4 14. exf5 g5 15.
Ng6 Rxf5 16. Bh5 Nxg6 17. Bxg6 Rf8 18. Qh5 g4 19. Ne4 Bd7 20. c5 Bc8 21. Rad1
a5 22. h3 gxh3 23. gxh3 Ra6 24. cxd6 cxd6 25. Kh1 Rb6 26. Rg1 Qe7 27. Ng5 Qe5
28. Rde1 Qxd5+ 29. Be4 Qd4 30. Nf3 1-0

[Event "Netanya Masters 2019"]
[Site "Netanya ISR"]
[Date "2019.06.28"]
[Round "6"]
[White "Dominguez Perez, Leinier"]
[Black "Postny, Evgeny"]
[Result "1-0"]
[WhiteElo "2760"]
[BlackElo "2601"]
[PlyCount "77"]
[EventDate "2019.06.23"]

1. e4 e5 2. Nf3 Nc6 3. Bb5 a6 4. Ba4 Nf6 5. O-O Be7 6. Re1 b5 7. Bb3 d6 8. a4
Bg4 9. c3 O-O 10. h3 Bh5 11. d3 Na5 12. Ba2 c5 13. Bg5 b4 14. cxb4 cxb4 15.
Nbd2 Rb8 16. Bxf6 Bxf6 17. Bd5 Qd7 18. g4 Bg6 19. Nf1 Bd8 20. Ne3 Bb6 21. Nc4
Nxc4 22. dxc4 Kh8 23. b3 f6 24. Qd2 Be8 25. Kh2 Bc5 26. Rg1 g6 27. Rg3 Qe7 28.
Rag1 Bd7 29. R1g2 Rbe8 30. Nh4 Bc8 31. Nf5 Qa7 32. Kh1 Re7 33. Qh6 Rg7 34. g5
fxg5 35. Rxg5 Rf6 36. Rxg6 Rfxg6 37. Rxg6 Bxf5 38. exf5 Qd7 39. f6 1-0

[Event "Netanya Masters 2019"]
[Site "Netanya ISR"]
[Date "2019.06.28"]
[Round "6"]
[White "Dubov, Daniil"]
[Black "McShane, Luke J"]
[Result "1/2-1/2"]
[WhiteElo "2700"]
[BlackElo "2688"]
[PlyCount "94"]
[EventDate "2019.06.23"]

1. e4 e5 2. Nf3 Nc6 3. Bb5 Nf6 4. O-O Nxe4 5. Re1 Nd6 6. a4 Be7 7. Nc3 O-O 8.
d4 e4 9. Nxe4 Nxe4 10. Rxe4 d5 11. Re1 Bg4 12. Bxc6 bxc6 13. Qd3 Bxf3 14. Qxf3
Bd6 15. Bf4 Qf6 16. Bxd6 Qxd6 17. Qc3 Rfe8 18. Re5 f6 19. Re3 Rxe3 20. Qxe3 Kf7
21. Re1 Qd7 22. Kf1 Re8 23. Qxe8+ Qxe8 24. Rxe8 Kxe8 25. Ke2 Kd7 26. Kd3 Kd6
27. Kc3 c5 28. dxc5+ Kxc5 29. b4+ Kd6 30. Kd4 h5 31. c4 dxc4 32. Kxc4 c6 33.
Kd4 g5 34. Ke4 Ke6 35. h3 f5+ 36. Kd4 Kd6 37. g3 g4 38. h4 Ke6 39. Kc5 Kd7 40.
a5 Kc7 41. b5 cxb5 42. Kxb5 Kb7 43. Kc5 Ka6 44. Kb4 Kb7 45. Kb5 Kc7 46. Kc5 Kb7
47. Kb5 Kc7 1/2-1/2

[Event "Netanya Masters 2019"]
[Site "Netanya ISR"]
[Date "2019.06.28"]
[Round "6"]
[White "Rodshtein, Maxim"]
[Black "Eljanov, Pavel"]
[Result "1-0"]
[WhiteElo "2685"]
[BlackElo "2655"]
[PlyCount "79"]
[EventDate "2019.06.23"]

1. c4 e6 2. Nc3 d5 3. d4 Nf6 4. cxd5 exd5 5. Bg5 c6 6. e3 h6 7. Bh4 Be7 8. Bd3
O-O 9. Nge2 Nbd7 10. f3 Re8 11. O-O b5 12. Bf2 Nb6 13. b3 a5 14. Rc1 Bb7 15.
Ng3 b4 16. Nce2 Nbd7 17. h3 c5 18. Nf5 Bf8 19. dxc5 Bxc5 20. Ned4 Ba6 21. Bxa6
Rxa6 22. Qd3 Qb6 23. Rc2 a4 24. Rfc1 Ra5 25. g4 axb3 26. axb3 Ne5 27. Qd1 Nfd7
28. Kg2 Qa6 29. Rd2 Qa8 30. Bg3 Bf8 31. Ne2 Nc5 32. Nf4 Ra2 33. Nd4 Ned3 34.
Nxd3 Nxd3 35. Rxa2 Qxa2+ 36. Rc2 Qa6 37. Qe2 Bc5 38. Nf5 Bxe3 39. Ra2 Qb5 40.
Nd6 1-0

[Event "Netanya Masters 2019"]
[Site "Netanya ISR"]
[Date "2019.06.28"]
[Round "6"]
[White "Svidler, Peter"]
[Black "Nabaty, Tamir"]
[Result "1/2-1/2"]
[WhiteElo "2737"]
[BlackElo "2678"]
[PlyCount "48"]
[EventDate "2019.06.23"]

1. e4 e5 2. Nf3 Nc6 3. Bb5 a6 4. Ba4 Nf6 5. O-O Bc5 6. c3 O-O 7. d4 Ba7 8. Re1
b5 9. Bc2 d6 10. h3 exd4 11. cxd4 Nb4 12. Bb3 c5 13. a3 Nc6 14. Be3 Na5 15. Nc3
Nxb3 16. Qxb3 Bb7 17. Rad1 Bxe4 18. Nxe4 Nxe4 19. dxc5 Bxc5 20. Qd3 Nf6 21. Bg5
h6 22. Bh4 d5 23. b4 Bb6 24. Nd4 Bxd4 1/2-1/2

[Event "Croatia GCT 2019"]
[Site "Zagreb CRO"]
[Date "2019.06.26"]
[Round "1"]
[White "Giri, Anish"]
[Black "Carlsen, Magnus"]
[Result "0-1"]
[WhiteElo "2779"]
[BlackElo "2875"]
[PlyCount "46"]
[EventDate "2019.06.26"]

1. e4 c5 2. Nf3 Nc6 3. Bb5 e6 4. Bxc6 bxc6 5. d3 Ne7 6. h4 h5 7. e5 d6 8. exd6
Ng6 9. Nfd2 Bxd6 10. Nc4 Be7 11. Nc3 Ba6 12. Qf3 Bxc4 13. Qxc6+ Kf8 14. dxc4
Nxh4 15. O-O Nf5 16. Ne2 Rc8 17. Qa4 Rc7 18. Bf4 Rd7 19. c3 g5 20. Rad1 Rxd1
21. Rxd1 Qa8 22. Bc7 h4 23. f3 h3 0-1

[Event "Croatia GCT 2019"]
[Site "Zagreb CRO"]
[Date "2019.06.26"]
[Round "1"]
[White "Caruana, Fabiano"]
[Black "Nakamura, Hikaru"]
[Result "1-0"]
[WhiteElo "2819"]
[BlackElo "2754"]
[PlyCount "79"]
[EventDate "2019.06.26"]

1. d4 Nf6 2. c4 e6 3. Nf3 d5 4. Nc3 Be7 5. Bf4 O-O 6. e3 c5 7. dxc5 Bxc5 8. a3
Nc6 9. Qc2 Qa5 10. Rd1 Re8 11. Nd2 e5 12. Bg5 Nd4 13. Qb1 Bf5 14. Bd3 Bxd3 15.
Qxd3 Ne4 16. Nxd5 Nxg5 17. b4 Qd8 18. bxc5 Nde6 19. Qf5 Nxc5 20. h4 Nge6 21.
Nf3 Qa5+ 22. Ke2 f6 23. h5 e4 24. Nd2 Qxa3 25. Rh4 Rad8 26. Nxe4 Qa2+ 27. Ke1
Qa5+ 28. Kf1 Nxe4 29. Rxe4 Qa4 30. Rb1 Ng5 31. Rd4 Nf7 32. Rxb7 Qa6 33. Qb1 Rf8
34. Kg1 Kh8 35. c5 Rc8 36. Nf4 Ne5 37. h6 g6 38. Rd6 Qc4 39. Re6 Rxc5 40. Ree7
1-0

[Event "Croatia GCT 2019"]
[Site "Zagreb CRO"]
[Date "2019.06.26"]
[Round "1"]
[White "Vachier-Lagrave, Maxime"]
[Black "Aronian, Levon"]
[Result "1/2-1/2"]
[WhiteElo "2779"]
[BlackElo "2752"]
[PlyCount "99"]
[EventDate "2019.06.26"]

1. e4 e5 2. Nf3 Nc6 3. Bb5 Nf6 4. O-O Nxe4 5. d4 Nd6 6. Bxc6 dxc6 7. dxe5 Nf5
8. Qxd8+ Kxd8 9. h3 Ne7 10. Rd1+ Ke8 11. Nc3 Ng6 12. b3 Be7 13. Ne4 h5 14. Re1
Kf8 15. Bb2 c5 16. Rad1 Bf5 17. c4 Nf4 18. Bc1 Ne6 19. Neg5 Rh6 20. Ne4 Rh8 21.
Neg5 Rh6 22. Nxe6+ Rxe6 23. Bg5 Re8 24. Rd5 b6 25. Kh2 a5 26. Kg3 a4 27. Kf4
Bc2 28. Bxe7+ Kxe7 29. Re3 axb3 30. axb3 f6 31. h4 Ra8 32. b4 Ra4 33. Rc3 c6
34. Rd2 Bg6 35. bxc5 bxc5 36. Rb2 Kf8 37. Rb8+ Re8 38. Rb6 Re6 39. Kg3 Bf7 40.
exf6 gxf6 41. Nd2 Re2 42. Rb8+ Kg7 43. Rd8 Ra2 44. Rcd3 Be6 45. Re3 Rexd2 46.
Rxd2 Rxd2 47. Rxe6 Rd4 48. Rxc6 Rxc4 49. Kf3 Rxh4 50. Rxc5 1/2-1/2

[Event "Croatia GCT 2019"]
[Site "Zagreb CRO"]
[Date "2019.06.26"]
[Round "1"]
[White "Anand, Viswanathan"]
[Black "Nepomniachtchi, Ian"]
[Result "0-1"]
[WhiteElo "2767"]
[BlackElo "2775"]
[PlyCount "64"]
[EventDate "2019.06.26"]

1. e4 e5 2. Nf3 Nc6 3. Bc4 Nf6 4. d3 h6 5. c3 d6 6. Nbd2 g5 7. h3 Bg7 8. Bb3
O-O 9. Nf1 Ne7 10. h4 g4 11. N3h2 d5 12. f3 Ng6 13. fxg4 Nxh4 14. g3 Ng6 15.
Qe2 a5 16. Bc2 d4 17. g5 hxg5 18. Bxg5 a4 19. c4 Qd6 20. Nd2 Ra6 21. Rb1 Nh7
22. Qh5 Nxg5 23. Qxg5 Qe7 24. Qxe7 Nxe7 25. Nhf3 f5 26. Bd1 Bd7 27. Nh4 Bh6 28.
exf5 Nxf5 29. Ne4 Be3 30. Be2 Rh6 31. Rh2 Bc6 32. Rg2 Nd6 0-1

[Event "Croatia GCT 2019"]
[Site "Zagreb CRO"]
[Date "2019.06.26"]
[Round "1"]
[White "Mamedyarov, Shakhriyar"]
[Black "Karjakin, Sergey"]
[Result "1/2-1/2"]
[WhiteElo "2774"]
[BlackElo "2748"]
[PlyCount "53"]
[EventDate "2019.06.26"]

1. d4 Nf6 2. c4 e6 3. Nc3 Bb4 4. f3 c5 5. d5 O-O 6. e4 b5 7. e5 exd5 8. exf6 d4
9. a3 Ba5 10. b4 dxc3 11. bxa5 Qxf6 12. Qd5 Re8+ 13. Kf2 c2 14. Ra2 Bb7 15. Qd2
bxc4 16. Rxc2 d5 17. Bb2 Qh4+ 18. g3 Qe7 19. Ne2 Nc6 20. a6 Bxa6 21. Qxd5 Bb7
22. Qe4 Nb4 23. Qxe7 Nd3+ 24. Kg2 Ne1+ 25. Kf2 Nd3+ 26. Kg2 Ne1+ 27. Kf2
1/2-1/2

[Event "Croatia GCT 2019"]
[Site "Zagreb CRO"]
[Date "2019.06.27"]
[Round "2"]
[White "Carlsen, Magnus"]
[Black "Anand, Viswanathan"]
[Result "1/2-1/2"]
[WhiteElo "2875"]
[BlackElo "2767"]
[PlyCount "155"]
[EventDate "2019.06.26"]

1. d4 Nf6 2. c4 e6 3. Nf3 d5 4. Nc3 dxc4 5. e4 Bb4 6. Bg5 c5 7. Bxc4 cxd4 8.
Nxd4 Bxc3+ 9. bxc3 Qa5 10. Bb5+ Bd7 11. Bxf6 gxf6 12. Bxd7+ Nxd7 13. O-O Qxc3
14. Qa4 O-O 15. Nxe6 Nb6 16. Qd4 Rfc8 17. Qxc3 Rxc3 18. Nf4 Rc5 19. Rfd1 f5 20.
exf5 Rac8 21. f6 Rf5 22. g3 Rxf6 23. Rd3 Rfc6 24. Ra3 Rc1+ 25. Rxc1 Rxc1+ 26.
Kg2 Nc8 27. Rd3 Rc7 28. Rd8+ Kg7 29. h4 Ne7 30. Nh5+ Kh6 31. Nf6 Kg6 32. Ne8
Rc6 33. Rd7 Re6 34. h5+ Kh6 35. Nd6 f5 36. Nxb7 Ng8 37. Nd6 Nf6 38. Nxf5+ Kg5
39. Nd4 Nxd7 40. Nxe6+ Kxh5 41. Kf3 Kg6 42. Kf4 Kf6 43. Ng5 h6 44. Ne4+ Ke6 45.
Kg4 Ke5 46. f3 Kd4 47. Kf5 Ke3 48. f4 h5 49. Ng5 Nc5 50. Kg6 Kf2 51. f5 Kxg3
52. Ne6 Nd7 53. Kxh5 Kf3 54. Kg5 Ke4 55. Nc7 a5 56. Nb5 Kd3 57. Kg6 a4 58. Kf7
Ne5+ 59. Kf6 Nf3 60. Ke7 Kc2 61. f6 Ng5 62. Nd4+ Kb2 63. Ne6 Nh7 64. f7 Kxa2
65. Ng5 a3 66. Nxh7 Kb1 67. f8=Q a2 68. Qf5+ Kb2 69. Qe5+ Kb1 70. Qe4+ Kb2 71.
Qe2+ Kb1 72. Nf6 a1=Q 73. Nd5 Qg7+ 74. Kd6 Qf8+ 75. Ke5 Qe8+ 76. Kd4 Qxe2 77.
Nc3+ Ka1 78. Nxe2 1/2-1/2